000 00991cab a2200253 4500
001 ABS60042
008 090401t1999 xxu||||| |||| 00| 0 eng d
035 _a(Sirsi) u90804
041 _aeng
100 _aGronow, S.
245 _aBeing explicit for what it`s worth
260 _c1999
350 _a0
490 _aThe Valuer
_v68(1) January/February 1999, 26(1)
520 _aThere are demands for valuations to be more intelligible and explicit from both clients and practitioners. This article examines a variety of research into valuation knowledge and expert systems for residential property mortgage valuation, and concludes that improvements in valuation practice will require redefining the education and training of valuers.
650 _aENVIRONMENTAL MANAGEMENT SYSTEMS
650 _aEXPERT SYSTEMS
650 _aPROPERTY VALUATION
650 _aQUALITY ASSURANCE
650 _aVALUATIONS
690 _aRATING AND VALUATION
942 _n0
948 _c20/01/1999
999 _c57597
_d57597